|
|
|
|
| LEADER |
00000nam0a2200000 4500 |
| 001 |
243820 |
| 005 |
20231101232011.0 |
| 010 |
|
|
|a 5282001985
|
| 035 |
|
|
|a (RuTPU)RU\TPU\book\265173
|
| 090 |
|
|
|a 243820
|
| 100 |
|
|
|a 20131007d1990 m y0rusy50 ca
|
| 101 |
0 |
|
|a rus
|
| 102 |
|
|
|a RU
|
| 105 |
|
|
|a a z 001zy
|
| 200 |
1 |
|
|a Повышение эффективности социального обеспечения
|f Л. И. Пронина
|
| 210 |
|
|
|a Москва
|c Экономика
|d 1990
|
| 215 |
|
|
|a 124 с.
|c ил.
|
| 320 |
|
|
|a Библиогр. в примеч.
|
| 606 |
1 |
|
|a Социальное обеспечение
|x Фонды
|2 stltpush
|3 (RuTPU)RU\TPU\subj\55677
|9 73685
|
| 610 |
1 |
|
|a сущность
|
| 610 |
1 |
|
|a эффективность
|
| 610 |
1 |
|
|a социальная справедливость
|
| 610 |
1 |
|
|a образ жизни
|
| 610 |
1 |
|
|a пожилые люди
|
| 610 |
1 |
|
|a инвалиды
|
| 610 |
1 |
|
|a управление
|
| 686 |
|
|
|a У9(2)272
|v LBC/SL-A
|2 rubbk
|
| 700 |
|
1 |
|a Пронина
|b Л. И.
|
| 801 |
|
1 |
|a RU
|b 63413507
|c 20131007
|
| 801 |
|
2 |
|a RU
|b 63413507
|c 20131011
|g RCR
|
| 942 |
|
|
|c BK
|